ბათუმის შოთა რუსთაველის სახელმწიფო უნივერსიტეტის ბიბლიოთეკა

თუშური კილო : (ბიბ.ჩანაწერი № 52907)

000 -ლიდერი
ფიქსირებული სიგრძის საკონტროლო ველი 01118nam a2200253Ia 4500
001 - საკონტროლო ნომერი
საკონტროლო ველი 19937
003 - საკონტროლო ნომრის იდენტიფიკატორი
საკონტროლო ველი GE_BSU
005 - ბოლო ოპერაციის თარიღი და დრო
საკონტროლო ველი 20200516215319.0
008 - ფიქსირებული სიგრძის მონაცემთა ელემენტები - ზოგადი ინფორმაცია
ფიქსირებული სიგრძის საკონტროლო ველი 181216s1969||||ge |||||||||||||| ||geo||
040 ## - კატალოგიზაციის წყარო
Transcribing agency GE_BSU
041 ## - ენის კოდი
Language code of text/sound track or separate title geo
080 ## - უნივერსალური ათობითი კლასიფიკაციის ინდექსი
Universal Decimal Classification number 811.353.1'282'373 ხ-89
100 ## - მთავარი ჩანაწერი - პიროვნების სახელი
Personal name ხუბუტია, პავლე
9 (RLIN) 8064
245 ## - ცნობა სათაურის შესახებ
Title თუშური კილო :
Remainder of title ლექსიკა /
Statement of responsibility, etc პავლე ხუბუტია ; რედ. თ. უთურგაიძე.
264 ## - წარმოების, გამოცემის, დისტრიბუციის და სხვა ცნობები
გამოცემის, წარმოების, დისტრიბუციის... ადგილი თბილისი :
გამოცემის, წარმოების, დისტრიბუციის... სახელწოდება თბილ. უნ-ტის გამ-ბა,
გამოცემის, წარმოების, დისტრიბუციის... თარიღი 1969.
300 ## - ფიზიკური აღწერა
Extent 212გვ. ;
Dimensions 22 სმ.
500 ## - ზოგადი შენიშვნა
General note ლექსიკონი, გეოგრაფიული, ადამიანის და ცხოველთა სახელები : გვ. 62-207
653 ## - INDEX TERM--UNCONTROLLED
Uncontrolled term ქართული ენა
653 ## - INDEX TERM--UNCONTROLLED
Uncontrolled term ქართული ენის დიალექტები
653 ## - INDEX TERM--UNCONTROLLED
Uncontrolled term თუშური კილო
700 ## - ADDED ENTRY--PERSONAL NAME
Personal name უთურგაიძე, თ.
Relator term რედაქტორი
9 (RLIN) 7216
942 ## - ADDED ENTRY ELEMENTS (KOHA)
Koha item type წიგნი
Source of classification or shelving scheme
ეგზემპლარები
ჩამოწერის სტატუსი დაკარგული ეგზემპლარის სტატუსი კლასიფიკაციის წყარო ან თაროზე გაწყობის სქემა დაზიანების სტატუსი არ გაიცემა მუდმივი მდებარეობა (დაცვის ადგილი) ამჟამინდელი ადგილსამყოფელი თაროზე განთავსების ადგილი შეძენის თარიღი ღირებულება, შესყიდვის ნორმალური ფასი სრული შენახვის შიფრი შტრიხკოდი ბოლო ოპერაციის თარიღი ეგზემპლარის მიმდევრობითი ნომერი (კეტერი?) ფასის ძალაში შესვლის თარიღი ეგზემპლარის სახეობა საჯარო შენიშვნა
          ბათუმის შოთა რუსთაველის სახელმწიფო უნივერსიტეტის მთავარი ბიბლიოთეკა ბათუმის შოთა რუსთაველის სახელმწიფო უნივერსიტეტის მთავარი ბიბლიოთეკა წიგნსაცავი 2018-12-17 2.46 811.353.1'282'373 ხ-89 52466 2018-12-17 52466 2018-12-17 წიგნი 2.46 ლ.